000 01321nam a2200325 i 4500
003 EG-GICUC
005 20260121101451.0
008 251210s2009 ua ||||fr|||| 00| 0 ara d
040 _a EG-GICUC
_bara
_c EG-GICUC
_d EG-GICUC
_erda
041 0 _aara
082 0 4 _221
_a345.441
_bر ج . ح
092 0 4 _221
099 _aLaw1 07 345.441 ر ج . ح 1 ed - 2009
100 0 _aرجاء جواد كاظم
_eمؤلف.
245 1 0 _aحدود طاعة الموظف العام للرئيس الإداري :
_bفي القانون المصري اولويات /
_cرجاء جواد كاظم.
250 _aالطبعة الأولى
264 1 _aالقاهرة :
_bدار النهضة العربية،
_c2009.
300 _a237 ؛صفحة
_b
_c24 سم.
336 _2rda content
_atext
337 _2rda media
_aComputer
338 _2rda carrier
_aOnline Resource
504 _aيشتمل على إرجاعات ببليوجرافية.
504 _a. 234-219 ببليوجرافيا: صفحات
546 _aالنص أغلبه باللغة العربية مع بعض النصوص الفرنسية
650 1 4 _aمبدأ طاعة الرؤساء
650 1 4 _aالقانون الإداري
856 4 0 _uhttps://fll.law.cu.edu.eg/fulltext/bks/B07-01444.pdf
905 _a32
_eYara
942 _2ddc
_cBK
_e21
_n0
999 _c49757
_d49757